01020nam a2200253 a 450000100060000000300080000600500170001400800410003102000150007203500140008704000270010104100080012808200250013610000250016124500930018626000510027930000300033050400360036065000390039694200120043599900170044795201500046495201520061452598BD-RjUL20211209075831.01609 s1990 ii a b 001 0 eng d a8171002641 a(BD-RjUL) aANLbengcANLdBD-RjUL aeng 223a330.95bRAE 19901 aRajeev, P.V.915730810aEconomic development of Asian countries /cP.V. Rajeev ; foreword by Indra Nath Mukherji aNew Delhi :bDeep & Deep Publications, cc1990 a140 p. :bill. ;c21 cm.  aIncludes Bibliography and index aEconomic developmentxAsia9157313 2ddccBK c52598d52598 00102ddc40708NFICaRUCLbRUCLcStackd1997-07-01eWorld agencies, Dhakag15.25l0o330.95 RAE 1990r2016-09-22 00:00:00tC-2w2021-12-09yBK 00102ddc40718NFICaRUCLbRUCLcReadingd1997-07-01eWorld Agencies, Dhakag151.25l0o330.95 RAE 1990r2016-12-18 00:00:00tC-1w2016-12-18yBK